00734nam a2200169 a 4500003000200000005001700002008004100019050002500060100002900085245015600114260009000270300004000360504004100400650004100441650004500482650003700527020250522121626.0030519s19uu xx 00 eng d aPHS BL 60b.L56 2003 aLlorin, Mikhail Mahatma. aThe Effects of religion on the study habits and academic performance of Southville International School fourth year students /cMikhail Mahatma Llorin. aLas Piñas City, Philippines :bSouthville International School and Colleges,c2003. a40 pages :billustrations ;c28 cm. aIncludes bibliographical references. aReligion and educationzPhilippines. aAcademic achievementxReligious aspects. aStudy skillsxReligious aspects.